header

Duoethnography (Record no. 246122)

MARC details
000 -LEADER
fixed length control field 01587nam a2200397 a 4500
082 04 - DEWEY DECIMAL CLASSIFICATION NUMBER
Classification number 001.4/2
245 00 - TITLE STATEMENT
Title Duoethnography
260 ## - PUBLICATION, DISTRIBUTION, ETC. (IMPRINT)
Place of publication Walnut Creek, Calif. :
Name of publisher Left Coast Press,
Year of publication c2012.
300 ## - PHYSICAL DESCRIPTION
Number of Pages 326 p. :
Other physical details ill.
490 1# - SERIES STATEMENT
Series statement Developing qualitative inquiry ;
650 #0 - SUBJECT ADDED ENTRY--TOPICAL TERM
Topical Term Narrative inquiry (Research method)
Topical Term Ethnology
Topical Term Qualitative research
Topical Term Knowledge, Sociology of.
700 1# - ADDED ENTRY--PERSONAL NAME
Personal name Norris, Joe.
Personal name Sawyer, Richard.
Personal name Lund, Darren E.
856 40 - ELECTRONIC LOCATION AND ACCESS
Uniform Resource Identifier http://site.ebrary.com/lib/rucke/Doc?id=10540865

No items available.

© 2026 Rongo University
Contact us: librarian | system librarian | Rongo university